Gramática griega / (Registro nro. 158172)

Detalles MARC
000 -LEADER
campo de control de longitud fija 00823nam a2200205 i 4500
001 - NÚMERO DE CONTROL
campo de control 158172
003 - IDENTIFICADOR DE NÚMERO DE CONTROL
campo de control ES-MaACL
005 - FECHA Y HORA DE LA ÚLTIMA TRANSACCIÓN
campo de control 20230906211036.0
008 - DATOS DE LONGITUD FIJA--INFORMACIÓN GENERAL
campo de control de longitud fija 960320s1849 sp |||| | spa d
100 1# - ENTRADA PRINCIPAL--NOMBRE DE PERSONA
Nombre de persona Lozano y Blasco, Saturnino.
9 (RLIN) 129110
245 10 - MENCIÓN DEL TÍTULO
Título Gramática griega /
Mención de responsabilidad, etc. por Saturnino Lozano y Blasco.
260 ## - PUBLICACIÓN, DISTRIBUCIÓN, ETC.
Lugar de publicación, distribución, etc. Madrid :
Nombre del editor, distribuidor, etc. [s.n.],
Fecha de publicación, distribución, etc. 1849 (
Fabricante Tip. Greco-latina)
300 ## - DESCRIPCIÓN FÍSICA
Extensión XIII, 420 p., [3] h. pleg. ;
Dimensiones 23 cm.
530 ## - NOTA DISPONIBLE DE FORMULARIO FÍSICO ADICIONAL
Nota de formato físico adicional disponible Disponible en formato digital.
594 ## - Nota al título y mención de responsabilidad
Nota al título y mención de responsabilidad Texto en español y ejemplos en griego.
650 04 - PUNTO DE ACCESO ADICIONAL DE MATERIA--TÉRMINO DE MATERIA
Término de materia o nombre geográfico como elemento de entrada Lengua griega-
Subdivisión general Gramática.
9 (RLIN) 14245
752 ## - ENTRADA AGREGADA--NOMBRE JERÁRQUICO DEL LUGAR
País o entidad superior España -
Ciudad Madrid
852 ## - LOCALIZACIÓN
Ubicación ES-MaACL
Número de control de estantería B-1382
Nota libre - Enc. pasta española
-- . - Legado de Gustavo Sáenz Díez
856 ## - LOCALIZACIÓN Y ACCESO ELECTRÓNICOS
Identificador Uniforme de Recursos <a href="https://bvpb.mcu.es/es/consulta/registro.do?id=417815 ">https://bvpb.mcu.es/es/consulta/registro.do?id=417815 </a>
Nota pública Biblioteca Virtual del Patrimonio Bibliográfico
Existencias
Estatus retirado Estado de pérdida Estado de daño No para préstamo Colección Biblioteca de origen Biblioteca actual Ubicación en estantería Fecha de adquisición Fuente de adquisición Total de préstamos Signatura topográfica completa Código de barras Visto por última vez Precio de reemplazo Tipo de ítem Koha
        Colección digital Biblioteca del Ateneo de Madrid Biblioteca del Ateneo de Madrid Sala Pardo Bazán 17/01/2008     B-1382 1165542 23/02/2023 23/02/2023 Libro impreso antiguo